| 000 | 01073nam a2200277 i 4500 | ||
|---|---|---|---|
| 003 | DO-SdBNP | ||
| 005 | 20240214124153.0 | ||
| 007 | ta | ||
| 008 | 240214s2023 dr ad 000 j spa d | ||
| 040 |
_aDO-SdBNP _bspa _cBNPHU _erda |
||
| 082 |
_bC231 _222 |
||
| 100 |
_aCantisano Rojas, Mary _984917 |
||
| 245 | 1 | 0 |
_aDe la identidad personal a la identidad docente : _blas marcas de experiencias de violencias vividas ¿son proyectadas en la acción pedagógica de maestras y maestros? / _cMary Cantisano Rojas ; prólogo Luis Verges Báez |
| 264 | 1 |
_aSanto Domingo : _bFLACSO, _c2023. |
|
| 300 |
_a59 páginas, _bilustraciones, gráficas _c28 cm. |
||
| 336 |
_2rdacontent _atexto _btxt |
||
| 337 |
_2rdamedia _asin mediación _bn |
||
| 338 |
_2rdacarrier _avolumen _bnc |
||
| 504 | _aBibliografía p: 58-59 | ||
| 504 | _aReferencias p: 55-56 | ||
| 590 | _aInventariado, 2024/ YL | ||
| 700 | 1 |
_aVerges Báez, Luis _eprólogo _984918 |
|
| 710 |
_aFacultad Latinoamericana de Ciencias Sociales (República Dominicana) _971583 |
||
| 910 | _aYLockward | ||
| 942 |
_2ddc _cLBS1 |
||
| 999 |
_c55945 _d55945 |
||